000 00663 a2200229 4500
003 CBULib
005 20250912101348.0
008 250912b |||||||| |||| 00| 0 eng d
020 _a9781409429647
040 _bEnglish
_cCBULib
_erda
041 _aeng
050 _aDS 79.767 Kin
100 _aKing, Erika G.
245 _aObama, the media, and framing the U.S. exit from Iraq and Afganistan
_c/by Erika G. King
260 _bAshgate,
_c2014
_aSurrey :
300 _avii, 226 pages
336 _2rdacontent
_aText |
_btxt
337 _2rdamedia
_aUnmediated |
_bn
338 _2rdacarrier
_aVolume
_bnc
650 0 _94855
_bOBAMA, BARACK
942 _2lcc
_c002
999 _c86391
_d86391